Szczegóły MARC21

Deutsche Grammatik : ein Handbuch für den Ausländerunterricht /

003 -Nazwa inst., której nr kontr. jest w polu 001 [,]
    • @
    • Nazwa instytucji, której n kontrolny jest w polu 001
    • NUKAT
005 -DATA I CZAS OSTATNIEJ MODYFIKACJI [,]
    • @
    • pole kontrolne
    • 20241231112429.0
020 -Międzynarod. znormalizowany nr książki - ISBN [ , ]
    • a
    • Numer ISBN
    • 3468494939 Find
040 -Instytucja sporządzająca opis [ , ]
    • a
    • Instytucja, która sporządziła opis (NP)
    • POZN U/JJ
    • c
    • Instytucja, która sporządziła rekord (NP)
    • POZN U/JJ
    • d
    • Instytucja, która zmodyfikowała rekord (P)
    • POZN U/HC
    • d
    • Instytucja, która zmodyfikowała rekord (P)
    • KAT U/46MMs
942 -Rodzaj dokumentu [ , ]
    • c
    • Rodzaj dokumentu
    • Książka
100 -Hasło główne - nazwa osobowa [1, ]
    • a
    • Nazwa osobowa (NP)
    • Helbig, Gerhard
    • d
    • Daty biograficzne (NP)
    • (1929-2008).
    • 9
    • KHW
    • 237404
245 -Strefa tytułu i oznaczenia odpowiedzialności [1,0]
    • a
    • Tytuł
    • Deutsche Grammatik : Find
    • b
    • Ciąg dalszy tytułu (NP)
    • ein Handbuch für den Ausländerunterricht / Find
    • c
    • Pozostałe elementy strefy tytułu i oznaczenia odpowiedzialności (NP)
    • Gerhard Helbig, Joachim Buscha.
260 -Strefa adresu wydawniczego [ , ]
    • a
    • Miejsce wydania (P)
    • Berlin :
    • b
    • Nazwa wydawcy (P)
    • Langenscheidt,
    • c
    • Data wydania (P)
    • 2005.
300 -Strefa opisu fizycznego [ , ]
    • a
    • Określenie formy książki i/lub objętość (NP)
    • 654 s. :
    • b
    • Oznaczenie ilustracji (NP)
    • il. ;
    • c
    • Format (NP)
    • 22 cm.
336 -Typ zawartości [ , ]
    • a
    • Termin opisujący typ zawartości
    • Tekst
    • b
    • Kod określający zawartość
    • txt
    • 2
    • Źródło (terminu i kodu)
    • rdacontent
337 -Typ mediów [ , ]
    • a
    • Tryb odtwarzania
    • Bez urządzenia pośredniczącego
    • b
    • Kod typu mediów
    • n
    • 2
    • Źródło (terminu i kodu)
    • rdamedia
338 -Typ/rodzaj nośnika [ , ]
    • a
    • Hasło opisujące typ nośnika
    • Wolumin
    • b
    • Kod typu nośnika
    • nc
    • 2
    • Źródło (terminu i kodu)
    • rdacarrier
500 -Uwaga ogólna [ , ]
    • a
    • Uwaga ogólna (NP)
    • Text folgt der reformierten deutschen Rechtschreibung.
504 -Uwaga dot. bibliogr. załącznikowej [ , ]
    • a
    • Uwaga dot. bibliografii załącznikowej
    • Bibliogr. s. 626-641. Indeksy.
080 -Uniwersalna Klasyfikacja Dziesiętna [ , ]
    • 2
    • Identyfikator wydania tablic
    • UDC-P022
    • a
    • Symbol klasyfikacji
    • 811.112.2'36
    • b
    • Dopowiedzenie
    • Gramatyka języka niemieckiego.
    • x
    • Poddział wspólny
    • (07)
650 -Hasło przedmiotowe [ ,7]
    • a
    • Hasło przedmiotowe
    • Język niemiecki
    • x
    • Określnik rzeczowy
    • gramatyka
    • v
    • Określnik formalny
    • podręczniki.
    • 2
    • Źródło terminu
    • kaba
    • 9
    • KHW
    • 371332
980 -Symbol UKD [ , ]
    • a
    • UKD
    • 811.112.2'36(07)
700 -Hasło dodatkowe - nazwa osobowa [1, ]
    • a
    • Nazwa osobowa (NP)
    • Buscha, Joachim Find
    • d
    • Daty biograficzne (NP)
    • (1929-2013).
    • 9
    • KHW
    • 63167
920 -ISBN [ , ]
    • a
    • ISBN
    • 3-468-49493-9 Find
Numer inwentarzowy Lokalizacja Sygnatura Status udost. Data inwentaryzacji
G.18610BM 22008-11-14
G.18421BMGERM. Gramatyka 1212006-10-19